Osnovy nelinejnoj optiky atomarnych gazov /

Salvato in:
Dettagli Bibliografici
Autori principali: Krajnov, Vladimir P (Autore), Delone, Nikolaj B (Autore)
Natura: Libro
Lingua:russo
Pubblicazione: Moskva : Nauka, 1986
Soggetti:
Tags: Aggiungi Tag
Nessun Tag, puoi essere il primo ad aggiungerne!!

MARC

LEADER 00000nam a22000003a 4500
001 stu35485
005 20150617225731.7
008 920424s1986----xxr-----------------rus-d
040 |a STU  |b slo 
041 0 |a rus 
044 |a xxr 
080 |a 535.33 
100 1 |a Krajnov, Vladimir P  |4 aut 
245 1 |a Osnovy nelinejnoj optiky atomarnych gazov /  |c [aut.]N.B. Delone, V.P. Krajnov 
260 |a Moskva :  |b Nauka,  |c 1986 
300 |a 181 s 
650 7 |a spektroskopia  |2 stusub 
700 1 |a Delone, Nikolaj B  |4 aut 
996 |b 284M047853  |c M*600-1  |l MMKN  |s A  |a 24  |w stu35485_0001